Egypt (Record no. 13960)
[ view plain ]
| 000 -LEADER | |
|---|---|
| fixed length control field | 00659nam a22001817a 4500 |
| 008 - FIXED-LENGTH DATA ELEMENTS--GENERAL INFORMATION | |
| fixed length control field | 100503t xxu||||| |||| 00| 0 eng d |
| 082 ## - DEWEY DECIMAL CLASSIFICATION NUMBER | |
| Edition number | 22 |
| Classification number | 962 |
| Item number | EGY |
| 110 ## - MAIN ENTRY--CORPORATE NAME | |
| 9 (RLIN) | 13791 |
| Corporate name or jurisdiction name as entry element | Businessmen Magazine |
| 245 00 - TITLE STATEMENT | |
| Title | Egypt |
| Medium | [videorecording] / |
| Statement of responsibility, etc | Produced by Businessmen Magazin |
| 260 ## - | |
| -- | [Cairo?] : |
| -- | Businessmen Magazine, |
| -- | [2000?] |
| 300 ## - PHYSICAL DESCRIPTION | |
| Extent | 1 videocassette : |
| Other physical details | sd., col. ; |
| Dimensions | 1/2 in. |
| 336 ## - CONTENT TYPE | |
| Source | rdacontent |
| Content type term | text |
| Content type code | txt |
| 337 ## - MEDIA TYPE | |
| Media type term | unmediated |
| Source | rdamedia |
| Media type code | n |
| 338 ## - CARRIER TYPE | |
| Carrier type term | volume |
| Carrier type code | nc |
| Source | rdacarrier |
| 505 ## - FORMATTED CONTENTS NOTE | |
| Formatted contents note | Cairo - - Luxor - - Alex - - Aswan - - Abu Simbel - - Red Sea |
| 651 ## - SUBJECT ADDED ENTRY--GEOGRAPHIC NAME | |
| 9 (RLIN) | 10774 |
| Geographic name | Egypt |
| General subdivision | --Civilization |
| 942 ## - ADDED ENTRY ELEMENTS (KOHA) | |
| Source of classification or shelving scheme | Dewey Decimal Classification |
| Koha item type | CD | DVD - Documentary (NB) |
| Classification part | RDA-MOD |
| Withdrawn status | Lost status | Source of classification or shelving scheme | Damaged status | Not for loan | Home library | Current library | Shelving location | Date acquired | Source of acquisition | Total Checkouts | Full call number | Barcode | Date last seen | Price effective from | Koha item type |
|---|---|---|---|---|---|---|---|---|---|---|---|---|---|---|---|
| Dewey Decimal Classification | Central Library | Central Library | Second Floor | 03/05/2010 | Purchase | 962 EGY | 000020800 | 24/08/2022 | 03/05/2010 | CD | DVD - Documentary (NB) |